000 00350nam a2200145Ia 4500
100 _aNagarkar/Malavika
650 _aCommunication
942 _cBK
654 _aCommunication skills
245 _aCommunication Skills
260 _bMaharashtra State Board Of Technical Education
_aMumbai
082 _a372.6
300 _a125
546 _aENGLISH
999 _c21721
_d21721